<?xml version="1.0" encoding="UTF-8"?>
<record
    xmlns:xsi="http://www.w3.org/2001/XMLSchema-instance"
    xsi:schemaLocation="http://www.loc.gov/MARC21/slim http://www.loc.gov/standards/marcxml/schema/MARC21slim.xsd"
    xmlns="http://www.loc.gov/MARC21/slim">

  <leader>02906nam a22003374a 4500</leader>
  <controlfield tag="001">ebr10236683</controlfield>
  <controlfield tag="003">CaPaEBR</controlfield>
  <controlfield tag="006">m        u        </controlfield>
  <controlfield tag="007">cr cn|||||||||</controlfield>
  <controlfield tag="008">041221s2005    maua    sb    001 0 eng  </controlfield>
  <datafield tag="010" ind1=" " ind2=" ">
    <subfield code="z">  2004028825</subfield>
  </datafield>
  <datafield tag="020" ind1=" " ind2=" ">
    <subfield code="z">9780727917348</subfield>
  </datafield>
  <datafield tag="020" ind1=" " ind2=" ">
    <subfield code="z">072791734X</subfield>
  </datafield>
  <datafield tag="040" ind1=" " ind2=" ">
    <subfield code="a">CaPaEBR</subfield>
    <subfield code="c">CaPaEBR</subfield>
  </datafield>
  <datafield tag="035" ind1=" " ind2=" ">
    <subfield code="a">(OCoLC)608623019</subfield>
  </datafield>
  <datafield tag="050" ind1="1" ind2="4">
    <subfield code="a">RG732</subfield>
    <subfield code="b">.E975 2005eb</subfield>
  </datafield>
  <datafield tag="082" ind1="0" ind2="4">
    <subfield code="a">617.9/682</subfield>
    <subfield code="2">22</subfield>
  </datafield>
  <datafield tag="245" ind1="0" ind2="0">
    <subfield code="a">Evidence-based obstetric anesthesia</subfield>
    <subfield code="h">[electronic resource] /</subfield>
    <subfield code="c">edited by Stephen H. Halpern, M. Joanne Douglas.</subfield>
  </datafield>
  <datafield tag="260" ind1=" " ind2=" ">
    <subfield code="a">Malden, Mass. :</subfield>
    <subfield code="b">BMJ Books :</subfield>
    <subfield code="b">Blackwell Pub.,</subfield>
    <subfield code="c">c2005.</subfield>
  </datafield>
  <datafield tag="300" ind1=" " ind2=" ">
    <subfield code="a">xi, 243 p. :</subfield>
    <subfield code="b">ill.</subfield>
  </datafield>
  <datafield tag="504" ind1=" " ind2=" ">
    <subfield code="a">Includes bibliographical references and index.</subfield>
  </datafield>
  <datafield tag="505" ind1="0" ind2=" ">
    <subfield code="a">Consent for obstetrical analgesia and anesthesia / Joanne Douglas -- The effect of epidural analgesia on the progress of labor / Barbara Leighton &amp; Stephen Halpern -- Maintenance of epidural analgesia for labor / Stephen Halpern -- The use of transcutaneous nerve stimulation for labor pain / Carolyn Weininger -- Is nitrous oxide an effective analgesic for labor? / Jean Kronberg &amp; Dorothy Thompson -- Choice of local anesthetic for labor and delivery / Stephen Halpern -- Intrathecal opioids in labor / Martin Tramer &amp; Chah&#xFFFD;e Mardirosoff -- Epidural catheter design and the incidence of complications / Margaret Srebrnjak &amp; Stephen Halpern -- The effect of increasing central blood volume to decrease hypotension following spinal anesthesia for Cesarean section / Pamela Morgan -- The use of vasopressors for the prevention and treatment of hypotension secondary to regional anesthesia for Cesarean section /   Stephen Halpern &amp; Michelle Chochinov -- General versus regional anesthesia for Cesarean section / Yehuda Ginosaur &amp; Ian Russell -- Prevention and treatment of side effects of neuraxial opioids / Niall Purdie &amp; Martin van der Vyver -- Multimodal analgesia following Cesarean section / Pamela Angle -- The use of neuraxial anesthesia in parturients with thrombocytopenia / Joanne Douglas -- Rational approach to aspiration prophylaxis / Geraldine O'Sullivan, Andrew Shennan &amp; Darren Hart -- Postdural puncture headache / Peter Choi -- Epidural analgesia and back pain / Terrance Breen -- Analgesia for breech version / William Wight -- Is there a difference between the obstetric and non-obstetric airway? / Eric Goldszmidt.</subfield>
  </datafield>
  <datafield tag="533" ind1=" " ind2=" ">
    <subfield code="a">Electronic reproduction.</subfield>
    <subfield code="b">Palo Alto, Calif. :</subfield>
    <subfield code="c">ebrary,</subfield>
    <subfield code="d">2013.</subfield>
    <subfield code="n">Available via World Wide Web.</subfield>
    <subfield code="n">Access may be limited to ebrary affiliated libraries.</subfield>
  </datafield>
  <datafield tag="650" ind1=" " ind2="0">
    <subfield code="a">Anesthesia in obstetrics.</subfield>
  </datafield>
  <datafield tag="650" ind1=" " ind2="0">
    <subfield code="a">Evidence-based medicine.</subfield>
  </datafield>
  <datafield tag="655" ind1=" " ind2="7">
    <subfield code="a">Electronic books.</subfield>
    <subfield code="2">local</subfield>
  </datafield>
  <datafield tag="700" ind1="1" ind2=" ">
    <subfield code="a">Halpern, Stephen H.</subfield>
  </datafield>
  <datafield tag="700" ind1="1" ind2=" ">
    <subfield code="a">Douglas, M. Joanne.</subfield>
  </datafield>
  <datafield tag="710" ind1="2" ind2=" ">
    <subfield code="a">ebrary, Inc.</subfield>
  </datafield>
  <datafield tag="856" ind1="4" ind2="0">
    <subfield code="u">http://site.ebrary.com/lib/rucke/Doc?id=10236683</subfield>
    <subfield code="z">An electronic book accessible through the World Wide Web; click to view</subfield>
  </datafield>
  <datafield tag="999" ind1=" " ind2=" ">
    <subfield code="c">150737</subfield>
    <subfield code="d">150737</subfield>
  </datafield>
</record>
